| 000 | 00573nam a22001817a 4500 | ||
|---|---|---|---|
| 005 | 20260420163616.0 | ||
| 008 | 260420b |||||||| |||| 00| 0 eng d | ||
| 020 | _a978-81-203-3343-7 | ||
| 050 | _aQA 76.73 .C15 R35 2025 | ||
| 100 | _aRAJARAMAN, V. | ||
| 245 | _aCOMPUTER BASICS AND PROGRAMMING | ||
| 250 | _aEASTERN ECONOMY EDITION | ||
| 260 |
_aDELHI _bPHI LEARNING PRIVATE LIMITED _c2025 |
||
| 300 | _axi,431p. ill | ||
| 500 | _aINCLUDES BIBLIOGRAPHICAL REFERENCES AND INDEX | ||
| 650 | _a1. COMPUTER PROGRAM LANGUAGE 2. COMPUTER PROGRAMMING | ||
| 942 |
_2lcc _cBK |
||
| 999 |
_c217030 _d217030 |
||